000 00425cam a2200157ua 4500
003 OSt
008 250104b |||||||| |||| 00| 0 eng d
041 _aeng
082 _a621.381
_bBRO/EL
100 _aBrown, Thomas Benjamin .
_96749
245 _aElectronics: a text book for students in science and engineering /
250 _a1 /
260 _aLondon :
_bJohn Wiley & Sons ,
_c1954.
300 _a544 ; .
942 _cBK
999 _c9327
_d9327